000 00345 a2200133 4500
000 nam a22 7a 4500
100 _aDhiman, Anil Kumar
110 _aDhiman, Anil Kumar
245 _aBibliometric Studies in Ethnobotany
250 _aLatest edition
260 _bSSDN Publishers
_c2026
264 _bSSDN Publishers
_c2026
942 _cBK
999 _c396069
_d396069